00567nam a2200133Ia 4500008004100000100001900041245010600060260006300166300002000229650001700249856007500266999001900341952007300360160712s9999 xx 000 0 und d aRamos, Errol . cErrol RamosaFair Trade and the Role of Small Farmers and ARBs on Food Sovereignty in the Philippines c2011bKasarinlan Philippine Journal of Third World Studies avol. 26 no. 1-2 xINDEPENDENCE uhttp://journals.upd.edu.ph/index.php/kasarinlan/issue/view/331/showToc c297597d297597 001040aCLbCLd2016-07-12l0r2016-07-12 00:00:00w2016-07-12yFEJ